000 01041nac a22002531u 4500
008 100905t1998 ny |||||r|||| 001 0 eng d
010 _a 97037445
020 _a047129196X (alk. paper)
082 0 0 _a624
_bSTR
_222
100 _aStrom, Steven.
_917866
245 1 0 _aSite Engineering for Landscape Architects /
_cSteven Strom, Kurt Nathan.
250 _a3rd ed.
260 _aNew York :
_bJohn Wiley,
_c1998.
300 _axiv, 301 p. :
_bill., maps ;
_c26 cm.
504 _aIncludes bibliographical references (p. [291]-293) and index.
650 0 _aBuilding sites.
_917867
650 0 _aLandscape architecture.
_917868
650 0 _aLandscape construction.
_917869
700 1 _aNathan, Kurt.
_917870
856 4 2 _3Contributor biographical information
_uhttp://www.loc.gov/catdir/bios/wiley041/97037445.html
856 4 2 _3Publisher description
_uhttp://www.loc.gov/catdir/description/wiley032/97037445.html
856 4 2 _3Table of Contents
_uhttp://www.loc.gov/catdir/toc/onix03/97037445.html
942 _cBB
_k624STR
_2ddc
999 _c2150
_d2150